| 000 | 00908nam a2200289 a 4500 | ||
|---|---|---|---|
| 001 | 000035600 | ||
| 003 | 000035600 | ||
| 005 | 20140721131952.0 | ||
| 008 | 090916s2010 dr ac 001 0 spa d | ||
| 020 | _a9789945460490 | ||
| 040 |
_aBPMET _bspa _cBPMET |
||
| 092 |
_axxxx _bM896, 2010 |
||
| 100 | 1 |
_aMoscoso Puello, F. E., _d1885- |
|
| 245 | 1 | 0 |
_aCartas a Evelina / _cFrancisco Eugenio Moscoso Puello |
| 250 | _a4a. ed. | ||
| 260 |
_aSanto Domingo : _bSantuario, _c2010. |
||
| 300 |
_a207 p. : _bil. ; _c22 cm. |
||
| 490 | _aSantuario infantil | ||
| 830 | _lSantuario infantil | ||
| 930 | 1 |
_lBND01 _mLF1 _820111105 _f01 _pHD _g32272 |
|
| 942 |
_2ddc _cBK |
||
| 956 |
_aGREYES _b10 _c20111105 _lBND01 _h0937 |
||
| 956 |
_aGREYES _b10 _c20111105 _lBND01 _h0937 |
||
| 956 |
_aARIVERA _b10 _c20120308 _lBND01 _h1215 |
||
| 956 |
_aARIVERA _b10 _c20120308 _lBND01 _h1300 |
||
| 956 |
_aARIVERA _b10 _c20130930 _lBND01 _h1256 |
||
| 999 |
_c7141 _d7141 |
||